00896 2200325 4500001002100000005001500021035002000036007000300056040001700059100003800076245007900114250001200193300002600205020002200231041000800253082000800261084001400269090002000283264004000303336002100343337003000364338002300394650001400417850001000431008004100441990002200482990002200504990002200526990002200548INLIS00000000000863820260518014840 a0010-1022000013ta aSBPUPADbind aA. Aziz Alimul HidayatePengarang1 aMetode Penelitian Kebidanan Taknik Analisis Data /cA. Aziz Alimul Hidayat a.-Cet.4 a246 hlm ;c15 x 24 cm a978-979-3027-88-307aInd a618 a618 AZI m a618 AZI m L18-5 a.--Jakarta :bSalemba Medika,c2010 2rdacontentateks 2rdamediaatanpa perantara 2rdacarrieravolume 4aKebidanan aPUPAD260518 0  a12581/H/KAPD/2010 a12579/H/KAPD/2010 a12580/H/KAPD/2010 a12578/H/KAPD/2010